000 00885nas a2200253 4500
001 BR2011000265
003 BR-BrBNA
005 20231205115945.0
007 ta
008 230509b bl.|||p| |||| 00| 00por d
040 _aBR-BrBNA
_bpor
_cBiblioteca Nacional de Agricultura
041 _a(En)
072 _aL60
100 1 _aGil-Santana, H.R.
245 1 _aGhilianella beckeri sp. nov. of Emesinae from Brazil (Hemiptera, Reduviidae)
246 1 _aGhilianella beckeri sp. nov. of Emesinae from Brazil (Hemiptera, Reduviidae)
650 _aINSETO
650 _aTAXONOMIA
650 _aHEMIPTERA
773 0 _tRevista Brasileira de Entomologia (Brazil)
_xISSN 0085-5626
_g(Jan-Mar 2009), v. 53(1) p. 7-10
_wBR2011000265
856 4 _uhttp://www.scielo.br/pdf/rbent/v53n1/03.pdf
_yRecurso eletrônico (PDF)
909 _a202311
_bLúcia
_c55
_dLúcia Elande
942 _2AGRIS
_n0
_cANA
999 _c216471
_d216471